000 00594nam a2200217Ia 4500
005 20250506172914.0
008 008 250505s9999 xx 000 0 eng d
020 _a9789393850096
037 _aTB
040 _aILCL
_beng
_cILCL
041 _aeng
_2eng
082 _qILCL
100 _aRyder, Rodney D
245 0 _aArtifical Intelligence and Law: Challenges Demystified
260 _aDelhi
_bLaw and Justice Publishing Company
_c2022
300 _axxxiv,171p.
365 _aINR
700 _aNaren, Nikhil
_9754737
942 _cTB
_2Colon Classification
999 _c1312617
_d1312617